Vista normal
Vista MARC
Entrada Materia (personas)
Número de registros utilizados en: 1
001 - CONTROL NUMBER
- control field: 92494
003 - CONTROL NUMBER IDENTIFIER
- control field: Co-BoUCM
005 - DATE AND TIME OF LATEST TRANSACTION
- control field: 20180516155255.0
008 - FIXED-LENGTH DATA ELEMENTS
- fixed length control field: 180516|| aca||aabn | a|a d
040 ## - CATALOGING SOURCE
- Original cataloging agency: Co-BoUCM
- Transcribing agency: Co-BoUCM
100 ## - HEADING--PERSONAL NAME
- Personal name: Ribot y March, Genaro
670 ## - SOURCE DATA FOUND
- Source citation: Work cat.: (Co-BoUCM): Ribot y March, Genaro , Los medios de destrucción, [fecha desconocida]